000 00248nam a2200097Ia 4500
082 _a920.001 LIMB
245 0 _aNelson Mandela
100 _a LIMB, Peter Mumbia, 2009
_985885
942 _cBK
008 210817s9999 xx 000 0 und d
999 _c408222
_d408222